[Event "MVS-ch"]
[Site "Dietzenbach"]
[Date "1998.11.21"]
[Round "5"]
[White "Mueller, Thorsten"]
[Black "Broell, Ralf"]
[Result "1/2-1/2"]
[WhiteElo "2006"]
[BlackElo "1660"]
[PlyCount "118"]
[EventDate "1998.11.??"]
[EventType "swiss"]
[EventRounds "7"]
[EventCountry "GER"]
[SourceTitle "EXT 2003"]
[Source "ChessBase"]
[SourceDate "2002.11.25"]
[SourceVersion "1"]
[SourceVersionDate "2002.11.25"]
[SourceQuality "1"]

1. d4 d5 2. Nf3 Nf6 3. Bf4 Bf5 4. e3 e6 5. Be2 Bd6 6. Ne5 Nbd7 7. Nd2 Ne4 8. Nxe4 Bxe5 9. dxe5 Bxe4 10. f3 Bg6 11. Bd3 c5 12. c3 Qb6 13. Rb1 c4 14. Bxg6 hxg6 15. Qd2 g5 16. Bg3 Rc8 17. f4 gxf4 18. exf4 Nc5 19. Bf2 Qa6 20. Bxc5 Rxc5 21. a3 b5 22. 0-0 Qb6 23. Kh1 Qd8 24. g3 g6 25. Qf2 Rc7 26. Rbd1 Qa8 27. Rd4 Qd8 28. Qd2 Qe7 29. Rf2 a6 30. g4 f5 31. exf6 Qxf6 32. f5 gxf5 33. gxf5 Rch7 34. Qe2 0-0 35. Rg2+ Kh8 36. Rg6 Qxf5 37. Rxe6 Rg7 38. Rh6+ Kg8 39. Rd1 Qe4+ 40. Qxe4 dxe4 41. Re6 Rf2 42. Rxe4 Rgg2 43. Rg1 Rxg1+ 44. Kxg1 Rxb2 45. Re8+ Kf7 46. Ra8 Rb3 47. Rxa6 Rxc3 48. Kf1 Rh3 49. Rb6 Rxa3 50. Rxb5 c3 51. Rc5 Ra1+ 52. Kf2 Ra2+ 53. Kg3 c2 54. h4 Ra3+ 55. Kg4 Ra4+ 56. Kg3 Ra3+ 57. Kg2 Ra2 58. Kf3 Ra3+ 59. Ke2 Rh3 1/2-1/2

[Event "MVS-ch"]
[Site "Dietzenbach"]
[Date "1998.11.15"]
[Round "3"]
[White "Mueller, Ralf2222"]
[Black "Broell, Ralf"]
[Result "1/2-1/2"]
[WhiteElo "1911"]
[BlackElo "1660"]
[PlyCount "43"]
[EventDate "1998.11.??"]
[EventType "swiss"]
[EventRounds "7"]
[EventCountry "GER"]
[SourceTitle "EXT 2003"]
[Source "ChessBase"]
[SourceDate "2002.11.25"]
[SourceVersion "1"]
[SourceVersionDate "2002.11.25"]
[SourceQuality "1"]

1. d4 f5 2. g4 fxg4 3. Nc3 d5 4. Qd3 Be6 5. Qb5+ Nd7 6. Qxb7 Qb8 7. Qc6 Bf7 8. Nxd5 Bxd5 9. Qxd5 Ngf6 10. Qc6 Qc8 11. Bf4 Rb8 12. 0-0-0 Kd8 13. Bg2 Rb6 14. Qc3 e6 15. d5 Bb4 16. Qg3 e5 17. Bxe5 Nxe5 18. Qxe5 Re8 19. Qd4 Qa6 20. Kb1 Ba3 21. b3 Bd6 22. c4 1/2-1/2